Destini Kasih
| Format: | Book |
|---|---|
| Published: |
Kuala Lumpur :
Creative Enterprise ,
1992
|
| Subjects: |
MARC
| LEADER | 00000cam a2200000 7i4500 | ||
|---|---|---|---|
| 001 | 0000003531 | ||
| 002 | 000003801 | ||
| 005 | 20000330.0 | ||
| 020 | |a 9838930261 | ||
| 090 | 0 | 0 | |a F |b ABD |
| 245 | 1 | 0 | |a Destini Kasih |c Abd.Talib Hassan |
| 260 | |a Kuala Lumpur : |b Creative Enterprise , |c 1992 | ||
| 300 | |a 155p. ; |c 17cm. | ||
| 650 | 0 | 0 | |a Malay fiction |
| 999 | |a 031899 |b BUKU |c YOUTH FICTION |e PERPUSTAKAAN KOMUNITI PETALING JAYA | ||
| 999 | |a 031900 |b BUKU |c YOUTH FICTION |e PERPUSTAKAAN KOMUNITI PETALING JAYA | ||
| 999 | |a 031901 |b BUKU |c YOUTH FICTION |e PERPUSTAKAAN KOMUNITI PETALING JAYA | ||